Teoría de las sombras : puntos y líneas brillantes y degradación de tintas / por Antonio Rovira y Rabassa puntos y líneas brillantes y degradación de tintas / por Antonio Rovira y Rabassa
Descripción Física:
2 v. : il. ; 26 cm
Materias:
Ombres
MARC
| LEADER | 00000nam a2200000Ia 4500 | ||
|---|---|---|---|
| 001 | 18810, 18811 | ||
| 008 | 160829s9999 xx 000 0 cat d | ||
| 080 | |a B-2-126, B-2-127 | ||
| 100 | |a Rovira i Rabassa, Antonio |9 44118 | ||
| 245 | |a Teoría de las sombras : |b puntos y líneas brillantes y degradación de tintas / por Antonio Rovira y Rabassa | ||
| 260 | |a Barcelona : |b Imp. de la Casa Provincial de Caridad, [18 - - ?] | ||
| 300 | |a 2 v. : |b il. ; |c 26 cm | ||
| 590 | |a Conté: v. 1: Textos; v. 2: Láminas | ||
| 650 | |a Ombres |9 44119 | ||
| 901 | |a Arxiu | ||
| 942 | |n 1 | ||
| 952 | |0 0 |1 0 |4 0 |6 B2126_B2127 |7 1 |9 51804 |a Arxiu |b Arxiu |d 2016-12-01 |l 0 |o B-2-126, B-2-127 |p 18810, 18811 |r 2016-12-01 00:00:00 |w 2016-12-01 |y ARXIU | ||
| 999 | |c 55650 |d 55650 | ||